Reporting on Climate Change Understanding the Science /

Detalles Bibliográficos
Autor principal: Richardson, L. Jeremy
Formato: eBook
Lenguaje:inglés
Publicado: Washington DC: Environmental Law Institute, 2011
Edición:4ta. Edicin̤
Materias:
Acceso en línea:Acceso restringido

MARC

LEADER 00000nam a22000007a 4500
005 2022091600210.0
007 cr|||| ||||
008 220916s2011 us |||||s|||| 00||0 eng d
020 |a 1-58576-156-2 
035 |a 36434 
040 |a vLex 
090 |c 13921  |d 13921 
100 1 |a Richardson, L. Jeremy 
245 1 0 |a Reporting on Climate Change  |h [Recurso electrn̤ico] :  |b Understanding the Science /  |c L. Jeremy Richardson 
250 |a 4ta. Edicin̤ 
256 |a Servicio en ln̕ea 
260 |a Washington DC:  |b Environmental Law Institute,  |c 2011 
300 |a 1 recurso electrn̤ico 
500 |a In the fourth edition of ELI's landmark book, Reporting on Climate Change: Understanding the Science, editors L. Jeremy Richardson and Bud Ward have created a guide for journalists-both reporters and editors-to help them understand and report on the scientific issues related to global climate change. Initially conceived to be exclusively for the members of the media, it has evolved over time as a resource also for formal and informal climate science educators and for other communicators needing a "plain English" grasp of climate science.Replete with four-color charts, graphs, and graphics that explain the complex scientific issues, this new edition provides readers with timely updates to recent events in the ongoing climate debate, including the UK e-mail hacking scandal, as well as new developments in the science itself. For reporters who are generalists rather than specialists in science or environmental writing, this guide provides an in-depth look at what we do know and still don't know about climate change, all in non-technical terms 
506 1 |a Disponible solo en los productos indicados  |d vLex Global  |d vLex Global (Academic Edition, excluding Law Schools)  |d vLex Global (Academic Edition, Law Schools) 
650 0 4 |a Derecho del Medio Ambiente  |z Estados Unidos 
740 0 |a vLex Libros (Servicio en ln̕ea) 
856 4 0 |u https://app.vlex.com/#/sources/36434  |z Acceso restringido 
942 |c BOOK 
999 0 |a Environmental Law